000 00531nam a2200205Ia 4500
003 OSt
005 20230504101505.0
008 210423s2008 xx 000 0 und d
040 _cAL
041 _aeng
082 _a574.87028
_223
_bHELC
100 _aHELGASON (Cheryl D);Miller (Cindy L),Ed.
_997493
245 _aBasic cell culture protocols.
250 _a3
260 _aNew Jersy
_bHumana Press
_c2008
300 _axii,371
365 _b1295
_cINR
906 _aBasic ; cell ; culture ; protocols.
942 _2ddc
_cBK
999 _c163539
_d163539